书目信息 |
| 题名: |
管理至简
|
|
| 作者: | 明茨伯格 著 ;冯云霞 , 范锐 译 | |
| 分册: | ||
| 出版信息: | 北京 机械工业出版社 2020.01 |
|
| 页数: | XXII, 171页 | |
| 开本: | 23cm | |
| 丛书名: | 明茨伯格管理经典丛书 | |
| 单 册: | ||
| 中图分类: | C93 | |
| 科图分类: | ||
| 主题词: | 管理学--guan li xue | |
| 电子资源: | ||
| ISBN: | 978-7-111-63767-7 | |
| 000 | 01423nam 2200313 450 | |
| 001 | 2051604478 | |
| 005 | 20201106142011.38 | |
| 010 | @a978-7-111-63767-7@dCNY59.00 | |
| 100 | @a20200106d2020 em y0chiy50 ea | |
| 101 | 1 | @achi@ceng |
| 102 | @aCN@b110000 | |
| 105 | @aa a 000yy | |
| 200 | 1 | @a管理至简@Aguan li zhi jian@f(加) 亨利·明茨伯格著@d= Simply managing@fHenry Mintzberg@g冯云霞, 范锐译@zeng |
| 210 | @a北京@c机械工业出版社@d2020.01 | |
| 215 | @aXXII, 171页@c图@d23cm | |
| 225 | 2 | @a明茨伯格管理经典丛书@Aming ci bo ge guan li jing dian cong shu |
| 306 | @a由Henry Mintzberg 通过Andrew Nurnberg Associates International Ltd.授权出版 | |
| 314 | @a亨利·明茨伯格, 当今世界最杰出的管理思想家之一, 经理角色学派的创始人。 | |
| 320 | @a有书目 (第165-171页) | |
| 330 | @a本书是在作者所著《管理》一书的基础上, 经过删减、浓缩而成的, 是一本为管理者所著的管理经典, 内容和管理实践息息相关。明茨伯格教授提出了管理教育创新的重要建议, 并以IMPM实践中的成果来佐证, 尤其强调书本概念与自身管理经验相互验证、相互支持的反躬自省, 并由此创造了很多把管理教育延伸到课堂之外的方式。 | |
| 410 | 0 | @12001 @a明茨伯格管理经典丛书 |
| 500 | 10 | @aSimply managing@mChinese |
| 606 | 0 | @a管理学@Aguan li xue |
| 690 | @aC93@v5 | |
| 701 | 1 | @a明茨伯格@Aming ci bo ge@g(Mintzberg, Henry)@4著 |
| 702 | 0 | @a冯云霞@Afeng yun xia@4译 |
| 702 | 0 | @a范锐@Afan rui@4译 |
| 801 | 0 | @aCN@b人天书店@c20201024 |
| 905 | @aZUCC@dC93@eM803 | |
| 管理至简/(加) 亨利·明茨伯格著= Simply managing/Henry Mintzberg/冯云霞, 范锐译.-北京:机械工业出版社,2020.01 |
| XXII, 171页:图;23cm.-(明茨伯格管理经典丛书) |
| ISBN 978-7-111-63767-7:CNY59.00 |
| 本书是在作者所著《管理》一书的基础上, 经过删减、浓缩而成的, 是一本为管理者所著的管理经典, 内容和管理实践息息相关。明茨伯格教授提出了管理教育创新的重要建议, 并以IMPM实践中的成果来佐证, 尤其强调书本概念与自身管理经验相互验证、相互支持的反躬自省, 并由此创造了很多把管理教育延伸到课堂之外的方式。 |
| ● |
| 相关链接 |
|
|
|
正题名:管理至简
索取号:C93/M803
 
预约/预借
| 序号 | 登录号 | 条形码 | 馆藏地/架位号 | 状态 | 备注 |
| 1 | 1482565 | 214825652 | 社科库509/509社科库 63排5列6层/ [索取号:C93/M803] | 在馆 | |
| 2 | 1482566 | 214825661 | 社科库509/509社科库 63排5列6层/ [索取号:C93/M803] | 在馆 |